| 000 | 00734nam a2200253Ia 4500 | ||
|---|---|---|---|
| 003 | OSt | ||
| 005 | 20220918201047.0 | ||
| 006 | a|||||r|||| 00| 0 | ||
| 007 | ta | ||
| 008 | 220917b |||||||| |||| 00| 0 eng d | ||
| 024 | _a91,443 | ||
| 037 | _cTextual | ||
| 040 |
_aARTS _cARTS _beng |
||
| 041 |
_2eng _aeng |
||
| 082 | _aV1:19(zM).N18, L8 | ||
| 100 |
_aMiddlebrook Martin _996612 |
||
| 245 | 0 | _aKaiser's battle 21 March 1918; The first day of the German spring offensive | |
| 260 |
_aLondon _bAllen Lane _c1978 |
||
| 300 |
_a431p. illus _ccm. |
||
| 500 | _aBibliogaphy 422p. | ||
| 650 | _aWAR; WORLD HISTORY | ||
| 942 |
_hV1:19(zM).N18, L8 _cTEXL _2CC |
||
| 999 |
_c215102 _d215102 |
||